Manuel María de Górtazar y Muribe, 1824-1896 : (Record no. 192660)

MARC details
000 -LEADER
campo de control de longitud fija 01367nam a2200301 i 4500
001 - NÚMERO DE CONTROL
campo de control 192660
003 - IDENTIFICADOR DE NÚMERO DE CONTROL
campo de control ES-MaACL
005 - FECHA Y HORA DE LA ÚLTIMA TRANSACCIÓN
campo de control 20250902090040.0
007 - CAMPO FIJO DE DESCRIPCIÓN FÍSICA--INFORMACIÓN GENERAL
campo de control de longitud fija ta
008 - DATOS DE LONGITUD FIJA--INFORMACIÓN GENERAL
campo de control de longitud fija 230509b |||||||| |||| 00| 0 eng d
017 ## - NÚMERO DE COPYRIGHT O DE DEPÓSITO LEGAL
Número de copyright o de depósito legal SS 127-2019
Agencia que asigna Oficina Depósito Legal San Sebastián
020 ## - NÚMERO INTERNACIONAL ESTÁNDAR DEL LIBRO
Número Internacional Estándar del Libro 9788489318328
040 ## - FUENTE DE CATALOGACIÓN
Lengua de catalogación spa
Centro/agencia transcriptor ES-MaACL
100 1# - ENTRADA PRINCIPAL--NOMBRE DE PERSONA
Nombre de persona Gortázar, Guillermo,
Fechas asociadas al nombre 1951-
Término indicativo de función/relación Autor
9 (RLIN) 176485
245 10 - MENCIÓN DEL TÍTULO
Título Manuel María de Górtazar y Muribe, 1824-1896 :
Resto del título fueros y concierto, el legado del último notable vizcaíno : lección de ingreso como amigo de número leída el día 25 de febrero de 2019 /
Mención de responsabilidad, etc. por D. Guillermo Gortázar Echevarría y palabras de recepción de Íñigo López de Uralde
264 1# - PRODUCCIÓN, PUBLICACIÓN, DISTRIBUCIÓN, FABRICACIÓN Y COPYRIGHT
Producción, publicación, distribución, fabricación y copyright Madrid :
Nombre del de productor, editor, distribuidor, fabricante Real Sociedad Bascongada de los Amigos del País, Delegación en Corte,
Fecha de producción, publicación, distribución, fabricación o copyright 2019
300 ## - DESCRIPCIÓN FÍSICA
Extensión 121 páginas ;
Dimensiones 21 cm
336 ## - TIPO DE CONTENIDO
Fuente isbdcontent
Término de tipo de contenido Texto
337 ## - TIPO DE MEDIO
Fuente isbdmedia
Nombre/término del tipo de medio sin mediación
504 ## - NOTA DE BIBLIOGRAFÍA, ETC.
Nota de bibliografía, etc. Bibliografía: páginas 94-101
600 10 - PUNTO DE ACCESO ADICIONAL DE MATERIA--NOMBRE DE PERSONA
Nombre de persona Gortázar Munibe, Manuel María,
Fechas asociadas al nombre 1824-1896
9 (RLIN) 176484
700 1# - ENTRADA AGREGADA--NOMBRE PERSONAL
9 (RLIN) 145658
Nombre de persona López de Uralde, Íñigo
Término indicativo de función/relación Autor
710 2# - ENTRADA AGREGADA--NOMBRE DE ENTIDAD CORPORATIVA
Nombre de entidad corporativa o nombre de jurisdicción como elemento de entrada Real Sociedad Bascongada de los Amigos del País.
Unidad subordinada Delegación en Corte
Término indicativo de función/relación Editor
9 (RLIN) 6371
852 ## - LOCALIZACIÓN
Ubicación Es-MaACL
Sublocalización o colección R.152535
Número de control de estantería N-8254
Ubicación en estantería Depósito J
Donativo/Legado Donación: Editorial
Nota libre 199959
942 ## - ELEMENTOS DE ENTRADA SECUNDARIOS (KOHA)
Tipo de ítem Koha Libro impreso
Suprimir en OPAC No
Holdings
Estatus retirado Estado de pérdida Fuente del sistema de clasificación o colocación Estado de daño No para préstamo Biblioteca de origen Biblioteca actual Ubicación en estantería Fecha de adquisición Fuente de adquisición Total de préstamos Signatura topográfica completa Código de barras Visto por última vez Tipo de ítem Koha
    Clasificación decimal universal     Biblioteca del Ateneo de Madrid Biblioteca del Ateneo de Madrid Depósito J 09/05/2023 Donación   N-8254 101205265 09/05/2023 Libro impreso